| 000 | 03723nam0a22005891 4500 | ||
|---|---|---|---|
| 001 | v19\rc\1278914 | ||
| 005 | 20260408064030.0 | ||
| 035 | _a(NLR Aleph) 004429728 | ||
| 090 |
_a4250265 _c4250265 |
||
| 100 | _a20060306d1829 m y0rusy50 ca | ||
| 101 | 0 | _arus | |
| 102 | _aRU | ||
| 135 | _acrcn 024anaba | ||
| 140 | _ay у zz yyy | ||
| 200 | 1 |
_aВернейший способ лечить перемежающияся лихорадки южнаго края, _fизобретенный и через двенадцать лет испытанный исправляющим должность инспектора Херсонской врачебной управы доктором медицины и коллежским ассессором Антоном Гладким |
|
| 210 |
_aСанктпетербург _cв типографии Карла Крайя _d1829 |
||
| 215 |
_aVIII, 32 с. _d8° |
||
| 300 | _aЦенз.: Д.М. Велланский, Ф. Матакевич, П.А. Чаруковский, 19 сент. 1827 г.; А.И. Красовский, 19 окт. 1827 г. | ||
| 300 | _aНа с. III посвящ. авт. графу М.С. Воронцову. | ||
| 300 | _aНа с. V-VIII предисл. авт. | ||
| 316 |
_aЭкз. РНБ (18.4.3.181) в обл. из голубой бумаги. На 1-й и 2-й с. обл. ярлыки с шифром РНБ. На 2-й с. обл. рукоп. помета (не читаема). На тит. л. штамп ИБ в венке с короной. На тит. л., с.17 и с.32 круглый штамп ГПБ. Размер: 19,3х12,1х0,5 см. _5NLR: 18.4.3.181 |
||
| 325 | _aКопия доступна в Электрон. б-ке РНБ | ||
| 518 | 1 | _aВернейший способ лечить перемежающиеся лихорадки южного края | |
| 620 | _aСанкт-Петербург | ||
| 700 | 1 |
_aГладкий _bА. _f1778-1846 _gАнтон _4070 |
|
| 702 | 1 |
_4190 _aКрасовский _bА. И. _f1780-1857 _gАлександр Иванович _9188266 _3RU\NLR\AUTH\770188317 |
|
| 702 | 1 |
_aВелланский _bД.М. _f1774-1847 _gДанило Михайлович _4190 |
|
| 702 | 1 |
_aМатакевич _bФ. _f1789-1833 _gФеликс _4190 |
|
| 702 | 1 |
_aЧаруковский _bП.А. _f1790-1842 _gПрохор Алексеевич _4190 |
|
| 702 | 1 |
_4280 _8rus _7ca _aВоронцов _bМ. С. _f1782-1856 _gМихаил Семенович _3RU\NLR\AUTH\7750867 _933801 |
|
| 702 | 1 |
_4610 _7ca _8rus _aКрай _bК. _cиздатель _f1773-1832 _gКарл _9216525 _3RU\NLR\AUTH\770216581 |
|
| 712 | 0 | 0 |
_4610 _aКрай, _gКарл, _hтипография _cПетербург _3RU\NLR\AUTH\8810039174 _9577258 |
| 801 | 0 |
_aRU _bNLR _gpsbo |
|
| 801 | 0 |
_aRU _bRuMoRGB _2psbo |
|
| 801 | 1 |
_aRU _bProSoft-M _2rusmarc |
|
| 852 |
_aNLR _j18.4.3.181 |
||
| 856 | 0 | _uhttps://vivaldi.nlr.ru/bx000027552/view | |
| 856 | 1 | _uhttps://vivaldi.nlr.ru/bx000027552/cover | |
| 856 | 2 | _uhttps://vivaldi.nlr.ru/bx000027552/text | |
| 899 |
_aRuMoRGB _jПриплет к H 496/63 |
||
| 899 | _aБАН | ||
| 899 | _aНБ СПбГУ | ||
| 899 | _aГПИБ | ||
| 899 | _aНБ МГУ | ||
| 942 | _cBOOK | ||
| 980 | _aNB | ||
| 981 | 2 | 2 |
_a(22) Материалы по истории России _b(22) Культура. Наука. Просвещение. |
| 981 | 2 | 0 |
_a(20) Книжные памятники РНБ _b(20) Русский книжный фонд |